000 00328nam a2200133Ia 4500
008 220216s9999 xx 000 0 und d
100 _aThompson P D
245 0 _aCheaper rubber-bitumen using latex
260 _bRubber Developments
_c1961
300 _a61-64
650 _aLatex
650 _aRubberized bitumen
942 _cJS
999 _c55465
_d55465